| 000 | 00367nam a2200133Ia 4500 | ||
|---|---|---|---|
| 008 | 231129s1995||||xx |||||||||||||| ||spa|| | ||
| 040 | _bspa | ||
| 082 | _aCo863 P953 | ||
| 100 | _aUniversidad Libre de Pereira. Facultad de Derecho. | ||
| 245 | 0 | _aPrimer concurso de cuento Unilibrista | |
| 260 | _c1995 | ||
| 264 | _aUniversidad Libre de Pereira | ||
| 942 |
_2ddc _cBKS |
||
| 999 |
_c23177 _d23177 |
||